000 00355nam a2200145Ia 4500
008 230711s9999||||xx |||||||||||||| ||und||
041 _aENG
082 _a624
_bCH-W
100 _aChaudhary,SK Hajra
245 0 _aWorkshop technology
250 _a10th
260 _c1986
_aBombay
_bMedia Promoters Bombay
650 _aMechanical Engineering
942 _cBK
999 _c1195
_d1195